Business Economics 1
Na minha lista:
| Autor principal: | |
|---|---|
| Formato: | Livro |
| Idioma: | inglês |
| Publicado em: |
[Košice]
EQUILIBRIA
2022
|
| Edição: | 2. upravené vydanie |
| Assuntos: | |
| Tags: |
Sem tags, seja o primeiro a adicionar uma tag!
|
MARC
| LEADER | 00000nam a2200000 4500 | ||
|---|---|---|---|
| 001 | 0304776 | ||
| 005 | 20250107121618.9 | ||
| 020 | |a 978-80-8143-304-7 | ||
| 041 | 0 | |a eng | |
| 044 | |a SK | ||
| 245 | 1 | 0 | |a Business Economics 1 |c Markéta Gáspár |
| 250 | |a 2. upravené vydanie | ||
| 264 | 1 | |a [Košice] |b EQUILIBRIA |c 2022 | |
| 300 | |a 98 s. | ||
| 610 | 2 | 0 | |a podnik |
| 610 | 2 | 0 | |a hospodárstvo podnikové |
| 610 | 2 | 0 | |a trh |
| 610 | 2 | 0 | |a hospodárstvo národné |
| 610 | 2 | 0 | |a majetok podnikový |
| 610 | 2 | 0 | |a zdroje ľudské |
| 100 | 1 | |a Gáspár, Markéta | |